00487nam a2200157Ia 450000500170000000800410001708200130005810000200007124500160009126000410010730000140014850000470016294200060020995200990021599900150031420250313112437.0240331s9999 xx 000 0 und d bGANa894 aGanesalingam, S 0aAjalavargal aVadapalanibKumaran Publishersc1995 a216 p .,  aA Novel About 83 Sri Lankan Tamil Peoples cL 001040708LaWERCLbWERCLcSSCd2024-03-31l0o 894.811 GANp4509r2024-03-31w2024-03-31yL c3759d3759